NFL Super bowl winning Qbs - Statistics

General Stats
  • This quiz has been taken 56 times
  • The average score is 37 of 57
Answer Stats
Hint Answer % Correct
2020 Tom Brady
97%
2017 Tom Brady
97%
2014 Tom Brady
97%
2004 Tom Brady
97%
2003 Tom Brady
97%
2001 Tom Brady
97%
2022 Patrick Mahomes
95%
2019 Patrick Mahomes
95%
2016 Patrick Mahomes
95%
2007 Eli Manning
90%
2021 Matthew Stafford
90%
2018 Matthew Stafford
90%
2015 Peyton Manning
90%
2006 Peyton Manning
90%
2013 Russell Wilson
79%
2008 Ben Roethlisberger
77%
2005 Ben Roethlisberger
77%
2012 Joe Flacco
77%
1989 Joe Montana
74%
1988 Joe Montana
74%
1984 Joe Montana
74%
1981 Joe Montana
74%
1967 Bart Starr
69%
1966 Bart Starr
69%
2009 Drew Brees
69%
2010 Aaron Rodgers
67%
1977 Roger Staubach
67%
1971 Roger Staubach
67%
1968 Joe Namath
64%
1979 Terry Bradshaw
64%
1978 Terry Bradshaw
64%
1975 Terry Bradshaw
64%
1974 Terry Bradshaw
64%
1995 Troy Aikman
64%
1993 Troy Aikman
64%
1992 Troy Aikman
64%
1994 Steve Young
59%
1998 John Elway
56%
1997 John Elway
56%
1999 Kurt Warner
56%
1976 Ken Stabler
49%
1986 Phil Simms
49%
1996 Brett Farve
46%
1970 Johnny Unitas
46%
1969 Len Dawson
46%
2002 Brad Johnson
44%
2000 Trent Dilfer
41%
1987 Doug Williams
38%
1982 Joe Theismann
38%
1973 Bob Griese
36%
1972 Bob Griese
36%
1990 Jeff Hostetler
33%
1983 Jim Plunkett
33%
1980 Jim Plunkett
33%
1985 Jim McMahon
28%
1991 Mark Rypien
26%
2011 Eil Manning
0%
No matching quizzes found
Score Distribution
Percent of People with Each Score
Percentile by Number Answered
Your Score History
You have not taken this quiz